000 00562nam a2200205 i 4500
001 17666
003 ES-MaACL
005 20250725232349.0
007 t|
008 010423s1992 sp ||||1| spa d
080 _a821.134.2-14"19"(082.2)
245 0 0 _aTercera entrega El Acordeón.
260 _aMadrid :
_bNedro,
_c1992.
300 _a[12] h. ;
_c17 cm.
650 7 _aPoesías españolas
_2embne
_916214
710 2 _aAsociación Literaria Nedro.
_91743
740 3 _aEl Acordeón.
852 _aES-MaACL
_j2162-F-8
_bR.124321
999 _c17666
_d17666